Geography Quiz

Random Geography or State Quiz

Repeated Letter States Quiz Stats

 Plays Quiz Updated Jan 10, 2019

Challenge
Share
Tweet
Embed
Score 0/15 Timer 02:00
0 Plays Today
Letter State % Correct
AAlabama…
99.5%
IMichigan…
86.7%
OOhio…
80.9%
CConnecticut
75.9%
GGeorgia
74.3%
ENew Jersey…
72.2%
NMinnesota…
71.1%
SKansas…
70.8%
Letter State % Correct
KKentucky
53.3%
PMississippi
48.4%
LIllinois
45.3%
TSouth Dakota…
42.9%
HNew Hampshire
31%
DRhode Island
30%
RNorth Carolina
25.7%

You're not logged in!

Compare scores with friends on all Sporcle quizzes.
OR
Log In

You Might Also Like...

Show Comments

Extras

Top Quizzes Today


Score Distribution

Your Account Isn't Verified!

In order to create a playlist on Sporcle, you need to verify the email address you used during registration. Go to your Sporcle Settings to finish the process.

Report this User

Report this user for behavior that violates our Community Guidelines.

Details: